| 000 | 01158nam a22002537a 4500 | ||
|---|---|---|---|
| 999 |
_c65681 _d65681 |
||
| 005 | 20240530110838.0 | ||
| 008 | 191127s1993 ua b g 00| 0 ara d | ||
| 017 |
_a1993/11018 _bمصر. دار الكتب |
||
| 020 | _a977006291 | ||
| 040 |
_aEG-CaGPL _cEG-CaGPL |
||
| 082 | 0 | 4 |
_221 _a953.079/ _bع ح |
| 100 | 0 | _aعباس ميراز بن السيد احمد الحسينى | |
| 245 | 1 | 0 |
_aالحصن المتين فى احوال الوزراء والسلاطين ونواب الهند فى اود لكهنو : _bالسيد محمد امين بن محمد نصير / _cتاليف عباس ميراز بن السيد احمد الحسينى تحقيق محسن حسن سليم |
| 250 | _aط1 | ||
| 260 |
_aالقاهرة : _bدار الكتاب الجامعى، _c1993. |
||
| 300 |
_a295 ص. : _bخرائط ؛ _c24 سم |
||
| 490 | 0 |
_aسلسلة تاريخ الاسلام فى الهند ؛ _v1 |
|
| 650 | 0 | 7 |
_2qrmak _aالوزرا _zالهند |
| 650 | 0 | 7 |
_2qrmak _aالملوك والحكام _zالهند |
| 650 | 0 | 7 |
_2qrmak _aالاسلام _xتاريخ _zالهند |
| 651 | _2qrmak | ||
| 700 | 0 |
_aمحسن حسن سليم _eمحقق |
|
| 942 |
_2ddc _cBK |
||